| 000 | 01342nam2a2200301 4500 | ||
|---|---|---|---|
| 001 | rc\2950655 | ||
| 005 | 20110830162646.0 | ||
| 035 | _a(NLR Aleph) 007098296 | ||
| 090 |
_a13601718 _c13601718 |
||
| 100 | _a20110830d1940 |||y0rusy50 ca | ||
| 101 | 0 | _arus | |
| 102 | _aRU | ||
| 105 | _ay z ||||| | ||
| 200 | 1 |
_aВопросы экономики и планирования _fГридасов, Р.А., Лобачев, Н.А., Питаевский, П.И., Топилин, П.К. _gСаратовский плановый ин-т |
|
| 210 | _d1940 | ||
| 300 | _aВ конце текста: Отв. ред. А.И. Смирнов | ||
| 300 | _aНа тит. л. загл.: Записки Института отсутствует | ||
| 461 | 0 |
_1001rc\2950649 _12001#$aЗаписки Саратовского планового института$eТ. 1-$fРед. коллегия: Лобачев Н.А., Гридасов Р.А., Кузнецова Т.М.$gГосплан РСФСР$vВып. 6 |
|
| 702 | 1 |
_aГридасов _bР. А. _4220 |
|
| 702 | 1 |
_aЛобачев _bН. А. _4220 |
|
| 702 | 1 |
_aПитаевский _bП. И. _4220 |
|
| 702 | 1 |
_aТопилин _bП. К. _4220 |
|
| 702 | 1 |
_aСмирнов _bА. И. _4340 |
|
| 801 | 0 |
_aRU _bNLR _gpsbo |
|
| 801 | 1 |
_aRU _bELAR _2rusmarc |
|
| 852 |
_aNLR _j38-17/354 |
||
| 942 | _cBOOK | ||
| 980 | _aNB | ||